Équipes et Groupes dans Fairy Tail - Statistiques

Statistiques générales
  • Ce quiz a été pris 718 fois
  • Le résultat moyen est 70 sur 144
Statistiques - réponses
Question Tuile Select % Correct
Équipes de l' Arc Tenrô Lucy Heartfillia Oui
89%
Mages de Rang S qui sont apparus dans L'arc Tenrô Gildarts Clive Oui
88%
Équipes de l' Arc Tenrô Natsu Dragnir(feu et foudre) Oui
88%
Équipes de l' Arc Tenrô Happy Oui
86%
Équipes de l' Arc Tenrô Kanna Alperona Oui
86%
Mages de Rang S qui sont apparus dans L'arc Tenrô Erza Scarlet Oui
85%
Membres de L'équipe Fairy Tail A Grey Fullbuster Oui
84%
Équipes de l' Arc Tenrô Wendy Marvel(vent) Oui
84%
Membres de L'équipe Fairy Tail A Erza Scarlet Oui
83%
Équipes de l' Arc Tenrô Gajil Redfox(acier et ombre) Oui
83%
Membres de L'équipe Fairy Tail A Lucy Heartfillia Oui
83%
Membres de L'équipe Fairy Tail A Natsu Dragnir(feu et foudre) Oui
83%
Mages de Rang S qui sont apparus dans L'arc Tenrô Mirajane Strauss Oui
82%
Équipes de l' Arc Tenrô Reby MacGarden Oui
82%
Équipes de l' Arc Tenrô Mest Oui
80%
Membres de L'équipe Fairy Tail B Gajil Redfox(acier et ombre) Oui
78%
Membres de L'équipe Fairy Tail B Jubia Lockser Oui
78%
Membres de L'équipe Sabertooth Rogue Chenny (ombre) Oui
74%
Membres de L'équipe Sabertooth Sting Eucliff(lumière et ombre) Oui
74%
Membres de L'équipe Fairy Tail B Luxus Draer( foudre) Oui
73%
Membres de L'équipe Fairy Tail B Mirajane Strauss Oui
71%
Membres de L'équipe Fairy Tail A Wendy Marvel (vent) Oui
71%
Membres de L'équipe Sabertooth Minerva Oui
70%
Membres de L'équipe Sabertooth Rufus Oui
67%
Membres de L'équipe Fairy Tail B Kanna Alperona Oui
66%
Membres de L'équipe Sabertooth Yukino Oui
66%
Membres de L'équipe Fairy Tail B Jellal Oui
63%
Membres de L'équipe Lamia Scale Léon Oui
62%
Membres de L'équipe Lamia Scale Chelia Oui
61%
Membres de L'équipe Sabertooth Orga Oui
61%
Membres de L'équipe Fairy Tail Erza Scarlet Oui
60%
Membres de L'équipe Fairy Tail Grey Fullbuster Oui
60%
Membres de L'équipe Lamia Scale Jura Oui
60%
Membres de L' Unité Raijin Bixrow Oui
59%
Membres de L' Unité Raijin Evergreen Oui
59%
Membres de L'équipe Blue Pegasus Ichiya Oui
59%
Membres de L' Unité Raijin Fried Justin Oui
58%
Membres de L'équipe Blue Pegasus Hibiki Oui
58%
Membres de L'équipe Lamia Scale Toby Oui
58%
Membres de L'équipe Fairy Tail A Elfman Strauss Oui
57%
Membres de L'équipe Shadow Gear Jett Oui
57%
Mages de Rang S qui sont apparus dans L'arc Tenrô Luxus Draer Oui
57%
Membres de L'équipe Shadow Gear Droy Oui
56%
Membres de L'équipe Shadow Gear Reby MacGarden Oui
56%
Membres de L'équipe Dragons Jumeaux Rogue Chenny(ombre) Oui
55%
Membres de L'équipe Dragons Jumeaux Sting Eucliff(lumière et ombre) Oui
55%
Membres de L'équipe Fairy Tail Gajil Redfox(acier et ombre) Oui
54%
Membres de L'équipe Blue Pegasus Ren Oui
54%
Membres de L'équipe Lamia Scale Yuka Oui
53%
Membres de L'équipe Fairy Tail Luxus Draer( foudre) Oui
52%
Membres de L'équipe Blue Pegasus Nichiya Oui
52%
Membres de L'équipe Blue Pegasus Eve Oui
51%
Membres de L'équipe Blue Pegasus Jenny Oui
51%
Six Prières Angel Oui
49%
Six Prières Midnight Oui
49%
Six Prières Kobra( poison) Oui
48%
Six Prières Racer Oui
48%
Neuf Portes Démoniaques Silver Oui
47%
Six Prières Brain Zéro Oui
46%
Chasseurs de Dragons à FT et à Sabertooth Gajil Redfox(acier et ombre Oui
46%
Maîtres de Fairy Tail dans l'ordre Makarof Draer Oui
46%
Maîtres de Fairy Tail dans l'ordre Mavis Vermillon Oui
46%
Chasseurs de Dragons à FT et à Sabertooth Natsu Dragnir (feu et foudre) Oui
46%
12 Esprits des Clés des voies d'or (on ne compte pas Ophiocus) Aquarius (Verseau) Oui
45%
12 Esprits des Clés des voies d'or (on ne compte pas Ophiocus) Ariès (Bélier) Oui
45%
Six Prières Hoteye Oui
45%
Membres de L'équipe Fairy Tail Jubia Lockser Oui
45%
Neuf Portes Démoniaques Kyoka Oui
45%
12 Esprits des Clés des voies d'or (on ne compte pas Ophiocus) Léo (Lion) Oui
45%
Maîtres de Fairy Tail dans l'ordre Macao Combolto Oui
45%
Maîtres de Fairy Tail dans l'ordre Presht Oui
45%
Chasseurs de Dragons à FT et à Sabertooth Rogue Chenny(ombre) Oui
45%
12 Esprits des Clés des voies d'or (on ne compte pas Ophiocus) Sagittarius (Sagittaire) Oui
45%
Chasseurs de Dragons à FT et à Sabertooth Sting Eucliff(lumière et ombre) Oui
45%
Neuf Portes Démoniaques Tempester Oui
45%
Chasseurs de Dragons à FT et à Sabertooth Wendy Marvel (vent) Oui
45%
12 Esprits des Clés des voies d'or (on ne compte pas Ophiocus) Cancer (Cancer) Oui
44%
12 Esprits des Clés des voies d'or (on ne compte pas Ophiocus) Caprico (Capricorne) Oui
44%
12 Esprits des Clés des voies d'or (on ne compte pas Ophiocus) Gémini (Gémeaux) Oui
44%
12 Esprits des Clés des voies d'or (on ne compte pas Ophiocus) Libra (Balance) Oui
44%
Six autres Prières Midnight Oui
44%
12 Esprits des Clés des voies d'or (on ne compte pas Ophiocus) Scorpio (Scorpion) Oui
44%
Neuf Portes Démoniaques Seilah Oui
44%
12 Esprits des Clés des voies d'or (on ne compte pas Ophiocus) Taurus (Taureau) Oui
44%
12 Esprits des Clés des voies d'or (on ne compte pas Ophiocus) Virgo (Vierge) Oui
44%
Six autres Prières Angel Oui
43%
Maîtres de Fairy Tail dans l'ordre Gildarts Clive Oui
43%
Six autres Prières Kobra(poison) Oui
43%
Chasseurs de Dragons à FT et à Sabertooth Luxus Draer(foudre) Oui
43%
Maîtres de Fairy Tail dans l'ordre Makarof Draer Oui
43%
12 Esprits des Clés des voies d'or (on ne compte pas Ophiocus) Pisces (Poissons) Oui
43%
Six autres Prières Racer Oui
43%
Spriggan Twelve Brandish Oui
42%
Neuf Portes Démoniaques Ezel Oui
42%
Neuf Portes Démoniaques Franmalth Oui
42%
Neuf Portes Démoniaques Keith Oui
42%
Maîtres de Fairy Tail dans l'ordre Makarof Draer Oui
42%
Membres de L'équipe Fairy Tail Natsu Dragnir ( feu et foudre) Oui
42%
Chevaliers du Purgatoire et le bras droit de leur maître Azuma Oui
41%
Spriggan Twelve God Serena(eau,feu,terre et vent) Oui
41%
Chevaliers du Purgatoire et le bras droit de leur maître Meldy Oui
41%
Chevaliers du Purgatoire et le bras droit de leur maître Ultia Oui
41%
Spriggan Twelve August Oui
40%
Chevaliers du Purgatoire et le bras droit de leur maître Caprico Oui
40%
Spriggan Twelve Dimaria Oui
40%
Maîtres de Fairy Tail dans l'ordre Erza Scarlet Oui
40%
Spriggan Twelve Eileen Belserion Oui
39%
Six autres Prières Eligoal Oui
39%
Six autres Prières Hémithécia Oui
39%
Neuf Portes Démoniaques Mard Geer Oui
39%
Neuf Portes Démoniaques Trafzer Oui
39%
Spriggan Twelve Ajeel Oui
38%
Spriggan Twelve Jacob Oui
38%
Spriggan Twelve Rakheid Oui
38%
Membres de L' Unité Raijin Luxus Draer (foudre) Oui
37%
Chevaliers du Purgatoire et le bras droit de leur maître Rustyrose Oui
37%
Spriggan Twelve Bloodman Oui
36%
Chevaliers du Purgatoire et le bras droit de leur maître Bluenote Oui
36%
Spriggan Twelve Invel Oui
36%
Spriggan Twelve Neinhart Oui
36%
Membres de l' Équipe Mermaid Heel Nobarly Oui
35%
Spriggan Twelve Wahl Oui
34%
Chevaliers du Purgatoire et le bras droit de leur maître Kain Oui
33%
Membres de l' Équipe Mermaid Heel Warcry Oui
31%
Membres de l' Équipe Mermaid Heel Rocker Oui
29%
Membres de l' Équipe Mermaid Heel Jager Oui
28%
Membres de l' Équipe Mermaid Heel Semmus Oui
28%
Membres de L'équipe Dragons Jumeaux Frosch Oui
26%
Membres de L'équipe Dragons Jumeaux Lector Oui
26%
Membres de l' Équipe Mermaid Heel Bacchus Oui
24%
Équipes de l' Arc Tenrô Bixrow Non
21%
Équipes de l' Arc Tenrô Fried Justin Non
21%
Équipes de l' Arc Tenrô Léo Non
21%
Équipes de l' Arc Tenrô Lisanna Strauss Non
20%
Chevaliers du Purgatoire et le bras droit de leur maître Zancrow Non
19%
Membres de L'équipe Lamia Scale Ohba Baba Oui
18%
Neuf Portes Démoniaques END Oui
17%
Équipes de l' Arc Tenrô Jubia Lockser Non
15%
Équipes de l' Arc Tenrô Evergreen Non
14%
Équipes de l' Arc Tenrô Grey Fullbuster Non
11%
Équipes de l' Arc Tenrô Elfman Strauss Non
10%
Membres de L'équipe Shadow Gear Lettres Oui
9%
Membres de L'équipe Shadow Gear Plantes Oui
9%
Membres de L'équipe Shadow Gear Vitesse Oui
9%
Aucun quiz correspondant
Distribution des résultats
% des personnes avec chaque résultat
Percentile par nombre de réponses
Votre historique - résultats
Vous n’avez pas pris ce quiz